00477nam a2200121Ia 4500008004100000100001900041245019100060245001800251260000900269300002500278440003800303650001400341171207s9999 xx 000 0 und d aCrimmins, Gail aHow a verbatim drama based on the lived experience of women casual academics in Australia resonated with its audience and transformed a narrative inquiry into an action research project  cGail Crimmins c2017 apages 337-353, 2017 aEducational Action Researchv25:3 aEDUCATION